Minimalism Heroes Quiz Stats

 Plays Quiz not verified by Sporcle

Score 0/91 Timer 10:00
0 Plays Today
Row Hero % Correct
1.1Batman
98.1%
1.4Superman
87.3%
6.1Spiderman
84.2%
3.4The Flash
83.9%
4.1Wolverine
83.6%
1.3Batgirl
80.4%
6.4Green Lantern
80.1%
2.2Captain America
78.5%
2.1Iron Man
77.5%
1.2Robin
76.3%
5.1The Thing
75.1%
2.3Thor
68.2%
3.3Wonder Woman
68.1%
2.4The Hulk
66.4%
4.2Invisible Woman
62.8%
2.5Cyclops
60.9%
7.4Aquaman
60.6%
4.3Human Torch
58.1%
9.3Donatello
56.8%
9.2Leonardo
56%
9.1Raphael
55.4%
10.5Zorro
53.1%
9.4Michelangelo
51.9%
10.2Daredevil
45.7%
6.7Green Arrow
44.9%
11.7Spidergirl
41.9%
10.6Hawk
40.9%
7.6Captain Marvel
40.8%
9.5Plastic Man
38.7%
3.1Radioactive Man
36.3%
1.5Supergirl
35.1%
Row Hero % Correct
12.6Martian Manhunter
34.5%
10.1The Punisher
34.3%
7.7Spawn
33.4%
9.7Scarlet Witch
33.4%
11.6Elektra
33.3%
3.5Captain Atom
33%
12.1Green Hornet
32.7%
7.2Storm
31.2%
2.7Kick-Ass
27.5%
4.4Professor X
27.4%
6.3Mighty Man
24.9%
8.7The Vision
24.7%
6.6Atom Ant
23.7%
7.5Iceman
23.1%
13.4Frozone
22.1%
11.3Gambit
21.8%
5.3He-Man
21%
10.3Hawkman
20.9%
13.6Spaghetti Man
20.6%
6.2Mandrake The Magician
19.8%
12.5Dr. Manhattan
19.7%
11.4Wondertwins
19%
2.6The Incredibles
18.8%
12.3Firestorm
17.8%
4.7The Tick
17.7%
12.4Black Bolt
17.7%
11.2Antman
15.1%
5.2Hellboy
13.3%
10.7Dove
13.1%
8.1Space Ghost
12.6%
12.2Doctor Strange
12%
Row Hero % Correct
8.6Bartman
11.7%
13.1Hulk Hogan
10.1%
5.5Silver Surfer
9.9%
8.3Blue Falcon
9.6%
3.2Fallout Boy
9.3%
1.7Mighty Mouse
8.5%
6.5Falcon
8.4%
11.1Sandman
7.3%
5.7Metamorpho
7%
7.1The Phantom
6%
8.2Blade
6%
7.3Harvey Birdman
5.3%
12.7Lion-O
4.2%
5.6Witchblade
3.9%
8.5Flash Gordon
3.4%
8.4Dynomutt
2.4%
13.2Hancock
2%
3.7El Santo
1.8%
13.3Panthro
1.6%
10.4Black Vulcan
1.5%
9.6Duffman
1.5%
5.4Freakazoid
1.4%
1.6Barbarella
1.4%
4.5Chapulin Colorado
1.2%
3.6Aeon Flux
1%
4.6The Darkness
0.8%
13.7Fearless Fly
0.8%
11.5Marshall Bravestarr
0.6%
13.5Multiman
0.5%

You're not logged in!

Compare scores with friends on all Sporcle quizzes.
OR
Log In

Show Comments

Extras

Top Quizzes Today


Score Distribution

Your Account Isn't Verified!

In order to create a playlist on Sporcle, you need to verify the email address you used during registration. Go to your Sporcle Settings to finish the process.

Report this User

Report this user for behavior that violates our Community Guidelines.

Details: